000 00459nam a2200193Ia 4500
005 20240823053257.0
008 240823s9999||||xx |||||||||||||| ||und||
020 _a978-81-8094-205-1
041 _aENGLISH
082 _A338.479154 Q4
100 _aBidyadhar Behera
245 0 _aCulture and Tourism
250 _a1st
260 _c2014
_b"MJP Publishers,Ch"
_aChennai
500 _aYES
650 _aGeneral
_bGeneral
942 _cBK
999 _c223802
_d223802